01460nam a2200337 a 4500001001000000003000500010005001700015008004100032010001100073011001100084040000900095090001000104100004000114245018100154260004100335500006000376502008200436590004000518590004000558650003400598650003000632650003800662650004400700856007000744901000700814942001000821942000600831999001900837952013100856952013500987000114136CHAP20220329144428.0171107s2017 mx a fsm |||||||spa d a110597 a111569 cCHAP aTesis1 aMelo Meza, Zyania Elizabeth913401810aDistribución de salinidad en bosques urbanos de la ciudad de México y propuesta de especies tolerantes para reforestación /h[En línea]cpor Zyania Elizabeth Melo Meza. aChapingo, Méx. :bEl autor,c2017. aPara ver el contenido del material haga clic en la liga aTesis (Ing. en Recursos Naturales Renovables) -- UACH. Departamento de Suelos aE8697GMMb05c20171107lUCH01h0935 aE8697GMMb05c20171107lUCH01h094114aÁrbolesxVariedades.98244114aEcología urbana.93518714aPlantasxEfecto de la sal.98881714aSuelos salinoszMéxico (Cd.).9134019 aFinding aiduhttp://10.13.5.2/tesis/sist114136.pdfzTeclea aquí aBK cTESIS n0 c110597d110597 00104054718TESISaBCbBCd2017-11-07fTESISl0oTesisp114137-10r2019-12-31 00:00:00w2019-12-31yTESISzRecien adquirido 00102local4053708TESISaBCbBCcPA_TESISd2017-11-07fTESISl0oTesisp114137-20r2019-12-31 00:00:00tc.2w2019-12-31yTESIS